[Event "RUS-ch Seniors (Women)"]
[Site "Odintsovo"]
[Date "2011.04.25"]
[Round "7"]
[White "Churusova, Yekaterina"]
[Black "Lisachenko, Natalia"]
[Result "0-1"]
[WhiteElo "1733"]
[BlackElo "1847"]
[PlyCount "102"]
[EventDate "2011.04.19"]
[EventType "swiss"]
[EventRounds "9"]
[EventCountry "RUS"]
[SourceTitle "CBM 142 Extra"]
[Source "ChessBase"]
[SourceDate "2011.06.27"]
[SourceVersion "1"]
[SourceVersionDate "2011.06.27"]
[SourceQuality "1"]

1. d4 d5 2. Nf3 Nf6 3. e3 Bg4 4. h3 Bxf3 5. Qxf3 e6 6. Nd2 Be7 7. Bd3 c6 8. c3 0-0 9. 0-0 Nbd7 10. Re1 e5 11. Qd1 Re8 12. b3 Bd6 13. Nf1 Qc7 14. f4 exf4 15. exf4 Bxf4 16. Bxf4 Qxf4 17. Qc2 h6 18. Nh2 Re3 19. Rf1 Qd6 20. Rf2 Rae8 21. Nf3 Qg3 22. Raf1 Ne4 23. Bxe4 R3xe4 24. Nd2 R4e7 25. Qf5 Qxc3 26. Nf3 Qb4 27. Qg4 Qd6 28. Nh4 Re1 29. Nf5 Rxf1+ 30. Rxf1 Qg6 31. Nxh6+ Qxh6 32. Qxd7 Qe3+ 33. Kh1 Qe7 34. Qg4 Qe2 35. Rf3 Qe4 36. Rf4 Qe6 37. Rf5 Qd6 38. Rf1 Qc7 39. Qd1 Re4 40. Rf5 Qg3 41. Rf1 Qe3 42. Qh5 f6 43. Qf5 Re6 44. Rf3 Qe4 45. g4 Qxf5 46. gxf5 Re4 47. Rd3 Rf4 48. b4 Rxf5 49. Re3 Rf4 50. b5 Rxd4 51. Rc3 cxb5 0-1

[Event "RUS-ch Seniors (Women)"]
[Site "Odintsovo"]
[Date "2011.04.24"]
[Round "6"]
[White "Lisachenko, Natalia"]
[Black "Dubrovskaya, Emilia A"]
[Result "0-1"]
[WhiteElo "1847"]
[BlackElo "1893"]
[PlyCount "120"]
[EventDate "2011.04.19"]
[EventType "swiss"]
[EventRounds "9"]
[EventCountry "RUS"]
[SourceTitle "CBM 142 Extra"]
[Source "ChessBase"]
[SourceDate "2011.06.27"]
[SourceVersion "1"]
[SourceVersionDate "2011.06.27"]
[SourceQuality "1"]

1. d4 d5 2. c4 c6 3. e3 Nf6 4. Nf3 e6 5. Nc3 a6 6. Bd3 dxc4 7. Bxc4 b5 8. Bd3 Nbd7 9. 0-0 Bb7 10. Qe2 Be7 11. b3 0-0 12. Bb2 c5 13. Rfd1 cxd4 14. exd4 Nd5 15. Nxd5 Bxd5 16. Rac1 Nf6 17. Ne5 Qb6 18. Rc2 Rac8 19. Rdc1 Rxc2 20. Rxc2 Qb7 21. f4 Rc8 22. f5 Rxc2 23. Qxc2 exf5 24. Bxf5 g6 25. Bd3 Nh5 26. Qf2 Bg5 27. g3 Bh6 28. Ng4 Bg7 29. Qe3 Qc8 30. Qe2 f5 31. Ne3 Qe6 32. Nxd5 Qxd5 33. Qe3 Nf6 34. Be2 h5 35. Bf3 Qd7 36. Qd2 Nd5 37. Kg2 Qd6 38. Kf2 Kh7 39. Bxd5 Qxd5 40. h4 Qh1 41. Qe2 Qh2+ 42. Kf3 Qh3 43. Kf2 f4 44. Qf3 Qh2+ 45. Qg2 fxg3+ 46. Kf3 Qxh4 47. Qxg3 Qxg3+ 48. Kxg3 Kg8 49. Kf4 Kf7 50. Ke4 Bf6 51. Bc1 h4 52. d5 h3 53. Kf3 h2 54. Kg2 Be5 55. Ba3 Ke8 56. Bb4 Kd7 57. Ba3 a5 58. Bc5 Bd6 59. Bd4 a4 60. Kh1 Ke7 0-1

[Event "RUS-ch Seniors (Women)"]
[Site "Odintsovo"]
[Date "2011.04.19"]
[Round "1"]
[White "Mayorova, Lyudmila"]
[Black "Lisachenko, Natalia"]
[Result "1/2-1/2"]
[WhiteElo "2018"]
[BlackElo "1847"]
[PlyCount "83"]
[EventDate "2011.04.19"]
[EventType "swiss"]
[EventRounds "9"]
[EventCountry "RUS"]
[SourceTitle "CBM 142 Extra"]
[Source "ChessBase"]
[SourceDate "2011.06.27"]
[SourceVersion "1"]
[SourceVersionDate "2011.06.27"]
[SourceQuality "1"]

1. d4 d5 2. Nf3 Nf6 3. Bg5 e6 4. e3 Be7 5. Bd3 0-0 6. Nbd2 b6 7. Rc1 Bb7 8. 0-0 Nbd7 9. Ne5 Rc8 10. Ndf3 c5 11. c3 c4 12. Bb1 b5 13. a4 a6 14. b3 Re8 15. b4 Qc7 16. Bh4 Bd6 17. Bg3 Ne4 18. Nxd7 Qxd7 19. a5 Nxg3 20. hxg3 e5 21. dxe5 Bxe5 22. Nd4 g6 23. Ne2 Rcd8 24. Qd2 Qe7 25. Rcd1 Qf6 26. f4 Bb8 27. Nd4 Ba7 28. Rfe1 Bxd4 29. exd4 Qd6 30. Re3 Rxe3 31. Qxe3 Bc6 32. Re1 Re8 33. Qf2 Qd8 34. Bc2 Re7 35. Kf1 Bd7 36. Re5 Bg4 37. Qe3 Kf8 38. Kf2 f6 39. Rxe7 Qxe7 40. Qxe7+ Kxe7 41. Ke3 Ke6 42. Kf2 1/2-1/2

[Event "Moscow op-F (Women)"]
[Site "Moscow"]
[Date "2011.02.06"]
[Round "9"]
[White "Lisachenko, Natalia"]
[Black "Vasiukova, Ekaterina"]
[Result "1/2-1/2"]
[WhiteElo "1903"]
[BlackElo "1746"]
[PlyCount "117"]
[EventDate "2011.01.29"]
[EventType "swiss"]
[EventRounds "9"]
[EventCountry "RUS"]
[SourceTitle "CBM 140 Extra"]
[Source "ChessBase"]
[SourceDate "2011.03.01"]
[SourceVersion "1"]
[SourceVersionDate "2011.03.01"]
[SourceQuality "1"]

1. d4 Nf6 2. c4 e6 3. Nc3 Bb4 4. Qc2 0-0 5. a3 Bxc3+ 6. Qxc3 b6 7. Bg5 Bb7 8. Nf3 d6 9. e3 Nbd7 10. Bxf6 Nxf6 11. Be2 Ne4 12. Qc2 f5 13. 0-0 Kh8 14. Rad1 Rf6 15. Bd3 Rg6 16. Qe2 Ng5 17. Nxg5 Qxg5 18. f3 Qh5 19. Qf2 Rh6 20. g3 Bxf3 21. Rc1 Bg4 22. Rc2 Bh3 23. Re1 Rg8 24. Be2 Qg6 25. Bd3 Qe8 26. e4 fxe4 27. Bxe4 Rf8 28. Qe2 Bf5 29. Rd2 Qc8 30. Bg2 Rg6 31. Bf3 Bh3 32. Rd3 Rgf6 33. Re3 Qe8 34. Bg2 Bxg2 35. Qxg2 Qf7 36. R3e2 a5 37. b4 axb4 38. axb4 Qd7 39. Qh3 Rh6 40. Qg2 Re8 41. Qe4 Qa4 42. Qb1 Qc6 43. Qd3 Qd7 44. Qe4 Rf6 45. Ra2 Rff8 46. Rea1 Qf7 47. Re2 Qf5 48. Qe3 Qh3 49. Qe4 Qf5 50. Qe3 Qh3 51. Qe4 Rf6 52. Rae1 Ref8 53. Rg2 Qf5 54. Rge2 Qh3 55. Rg2 Kg8 56. Qe3 Qf5 57. Rge2 Qh3 58. Rg2 Qf5 59. Rge2 1/2-1/2

[Event "Moscow op-F (Women)"]
[Site "Moscow"]
[Date "2011.02.03"]
[Round "6"]
[White "Vanchikova, Dulma"]
[Black "Lisachenko, Natalia"]
[Result "0-1"]
[WhiteElo "1719"]
[BlackElo "1903"]
[PlyCount "90"]
[EventDate "2011.01.29"]
[EventType "swiss"]
[EventRounds "9"]
[EventCountry "RUS"]
[SourceTitle "CBM 140 Extra"]
[Source "ChessBase"]
[SourceDate "2011.03.01"]
[SourceVersion "1"]
[SourceVersionDate "2011.03.01"]
[SourceQuality "1"]

1. e4 c6 2. a4 d5 3. e5 Bf5 4. d4 e6 5. c3 c5 6. Bd3 Bxd3 7. Qxd3 cxd4 8. cxd4 Nc6 9. Nf3 Rc8 10. 0-0 Nge7 11. Ng5 Nf5 12. Nf3 Qb6 13. Qb5 Qc7 14. Be3 a6 15. Qe2 Qb6 16. Rd1 Bb4 17. Nc3 0-0 18. h3 Na5 19. Qd3 Nc4 20. Nxd5 exd5 21. Qxf5 Nxb2 22. Rdb1 Nc4 23. Ng5 g6 24. Qg4 a5 25. Nf3 Nxe3 26. fxe3 Qd8 27. Rf1 Qe8 28. Qg5 Kg7 29. Qf6+ Kg8 30. Qg5 Be7 31. Qh6 f6 32. exf6 Bxf6 33. Ng5 Qe7 34. h4 Qxe3+ 35. Kh1 Bxg5 36. Qxg5 Rxf1+ 37. Rxf1 Qxd4 38. Rf5 Re8 39. Rxd5 Qxa4 40. Rxa5 Qd4 41. Rd5 Re1+ 42. Kh2 Qg1+ 43. Kg3 Re3+ 44. Kf4 Qf2+ 45. Kg4 Rg3# 0-1

[Event "Moscow op (Women)"]
[Site "Moscow"]
[Date "2009.01.31"]
[Round "1"]
[White "Voit, Daria"]
[Black "Lisachenko, Natalia"]
[Result "1-0"]
[WhiteElo "2314"]
[BlackElo "1920"]
[PlyCount "65"]
[EventDate "2009.01.31"]
[EventType "swiss"]
[EventRounds "9"]
[EventCountry "RUS"]
[SourceTitle "EXT 2012"]
[Source "ChessBase"]
[SourceDate "2011.11.24"]
[SourceVersion "1"]
[SourceVersionDate "2011.11.24"]
[SourceQuality "1"]

1. e4 c6 2. d4 d5 3. e5 Bf5 4. Nf3 e6 5. Be2 Qb6 6. 0-0 c5 7. c3 Nc6 8. a3 Rc8 9. b4 cxd4 10. cxd4 Nge7 11. Be3 Bxb1 12. Rxb1 Nf5 13. Qd3 Be7 14. Bd1 Qc7 15. Rc1 Qd8 16. Bc2 a6 17. Bb1 Nh4 18. Nxh4 Bxh4 19. g3 Be7 20. f4 g6 21. g4 f5 22. exf6 Bxf6 23. f5 gxf5 24. gxf5 e5 25. dxe5 Bxe5 26. f6 Bxf6 27. Qf5 d4 28. Qh5+ Ke7 29. Rxf6 Qg8+ 30. Bg5 Qxg5+ 31. Qxg5 Rcg8 32. Rg6+ Kd7 33. Qd5+ 1-0